Przynależność Wrocławia w Historii - Statystyki

Ogólne statystyki
  • Ten quiz został rozwiązany 21 razy
  • Średni wynik to 5 z 6
Statystyki odpowiedzi
lata Countries % Poprawnych
1871-1945 Niemcy
95%
ok.990-1335 Polska
95%
1945- Polska
95%
1335-1526 Czechy
90%
1526-1741 Austria
85%
1741-1871 Prusy
80%
Nie znaleziono quizów pasujących do podanych kryteriów
Rozkład punktacji
Procent ludzi z każdym wynikiem
Percentyl według liczby udzielonych odpowiedzi
Twoja historia wyników
Nie rozwiązałeś tego quizu